00335nam a2200133Ia 4500008004100000041000800041082001600049100004000065245003000105250000600135260003800141300001300179650000900192210716s1992 xx 000 0 und d aeng a004.68 CURC aCurrid, Cheryl C; Gillett, Craig A. aMastering novell netware. a1 aNew DelhibBPB Publicationsc1992 axxiv,419 aNone